| 000 | 00694nam a2200217 a 4500 | ||
|---|---|---|---|
| 999 |
_c609 _d609 |
||
| 008 | 190925r20062011ii a|||g |||| 001 0 eng d | ||
| 020 |
_a9788131501740 _cRs. 495.00 |
||
| 040 |
_aKO _beng |
||
| 041 | 0 | _aeng | |
| 044 | _aii | ||
| 082 | 0 | 4 |
_223 _a658.4038011 _bOz1 |
| 100 | 1 | _aOz, Effy | |
| 245 | 1 | 0 |
_aManagement Information Systems / _cEffy Oz |
| 260 |
_aNew Delhi : _bCengage Learning India Private Limited, _c2006, reprint 2011 |
||
| 300 |
_a440 p. : _bill. ; _c24 cm. |
||
| 650 | 0 |
_aSociotechnical systems _xDashboards (Management information systems) _vTextbooks |
|
| 650 | 0 |
_aSociotechnical systems _xEnterprise resource planning _vTextbooks |
|
| 904 | _aS_JOY | ||
| 942 | _cBK | ||